Najdrożsi zawodnicy w piłce nożnej - Statystyki

Ogólne statystyki
  • Ten quiz został rozwiązany 32 razy
  • Średni wynik to 12 z 14
Statystyki odpowiedzi
Drużyna Zawodnik % Poprawnych
FC Barcelona Lamine Yamal
100%
Manchester City Erling Haaland
93%
Bayern Monachium Jamal Musiala
93%
Real Madryt Kylian Mbappe
93%
Arsenal Bukayo Saka
89%
Chelsea Cole Palmer
89%
FC Barcelona Pedri
89%
Real Madryt Vinicius Jr.
89%
Real Madryt Jude Bellingham
86%
Newcastle Alexander Isak
82%
Bayer Leverkusen Florian Wirtz
82%
Arsenal Declan Rice
71%
Real Madryt Federico Valverde
71%
Manchester City Rodri
71%
Nie znaleziono quizów pasujących do podanych kryteriów
Rozkład punktacji
Procent ludzi z każdym wynikiem
Percentyl według liczby udzielonych odpowiedzi
Twoja historia wyników
Nie rozwiązałeś tego quizu